OPTIMALIZÁCIA KOMUTAČNÉHO PROCESU IGBT

Bibliographic Details
Main Authors: Feňo, Ivan (Author), Špánik, Pavol (Author), Ovcarčík, Radovan (Author)
Format: Article
Language:Slovak

MARC

LEADER 00000nab a2200000ua 4500
001 vtls010783788
003 SK-MaSNL
005 20260303152148.0
008 230222s2002 xo |||||||||||||||||slo|
035 |a (urnnbn)urn:nbn:sk:snk:ar-a04hoc 
035 |a (uuid)8781edb7-66ce-46a4-bb01-c45986629408 
035 |a urn:nbn:sk:snk-ab4sly 
040 |a SNKBUCL  |b slo  |c SNKBUCL  |e AACR2 
041 0 |a slo 
044 |a xo  |c SK 
100 1 |a Feňo, Ivan  |4 aut  |9 788135 
245 1 0 |a OPTIMALIZÁCIA KOMUTAČNÉHO PROCESU IGBT  |c Ivan Feňo, Pavol Špánik, Radovan Ovcarčík 
700 1 |a Špánik, Pavol  |4 aut  |9 6710 
700 1 |a Ovcarčík, Radovan  |4 aut  |9 788136 
773 0 |t Advances in electrical and electronic engineering  |g Roč. 1, č. 1-2 (2002), s. 54-58 
954 |a odborná, vedecká literatúra pôvodná (slovenská)  |2 lita 
958 |a OND 
958 |a EUIPO 
958 |a article3 
999 |c 2021978  |d 2023908